000
00441nam a2200181Ia 4500
008
090123s9999 xx 000 0 und d
082
_b
41059
100
_a
कदम अनंत
245
_a
दरी
250
_a
1
260
_b
अनघा प्रकाशन
_c
2007
300
_a
120
600
_a
कदम अनंत
630
_a
दरी
700
_a
कदम अनंत
730
_a
दरी
942
_c
BOOK
999
_c
79132
_d
79132